| 000 | 00473 a2200157 4500 | ||
|---|---|---|---|
| 005 | 20260330115337.0 | ||
| 008 | 260115b |||||||| |||| 00| 0 eng d | ||
| 020 | _a9789350722473 | ||
| 080 |
_a89H.09 _bRAN/D |
||
| 100 | _aRansubhe,Suryanarayan | ||
| 245 | _aDalit chetana ki pahchan(दलित चेतना की पहचान) | ||
| 260 |
_bVani Prakashan. _aNew Delhi. _c2014. |
||
| 300 | _a199p. | ||
| 653 | _aDalit Literature-Hindi Literature | ||
| 942 | _cOO | ||
| 999 |
_c114120 _d114119 |
||